Introduction to remotely sensed data : Part one of the microBRIAN resource manual

Bibliographic Details
Main Author: HARRISON (Barbara Anne)] 1956-
Corporate Author: CSIRO
Other Authors: Jupp (David Laurence Barry)] , 1943-
Format: Book
Published: Canberra : CSIRO Pub. , 1989
Subjects:

MARC

LEADER 00000cam a2200000 7i4500
001 0000001515
005 20010726.0
020 0 0 |a 0643049916 
090 0 0 |a 621.3678   |b HAR 1989 
100 1 0 |a HARRISON   |h B. A. [  |q (Barbara Anne)]   |c 1956- 
245 1 0 |a Introduction to remotely sensed data :   |b Part one of the microBRIAN resource manual   |c B. A. Harrison and D. L. N. Jupp 
260 0 0 |a Canberra :   |b CSIRO Pub. ,   |c 1989 
300 |a xi, 141 p. :   |b ill. ;   |c 25 cm. 
500 0 0 |a Includes bibliography : [p. 88-92] and index 
650 0 0 |a MicroBRIAN (Computer program) 
650 0 0 |a Remote sensing 
650 0 0 |a Remote sensing   |x Data processing 
700 0 1 |a Jupp   |h D. L. B. [  |q (David Laurence Barry)] ,   |c 1943- 
710 1 1 |a CSIRO 
998 |a JPSM 
999 |a 0000003931   |b Monograph   |c Open Shelf   |e Default branch